Majlis pengkisahan sejarah Malayan Union (Record no. 163111)

MARC details
000 -LEADER
fixed length control field 00546njm a2200181 i 4500
001 - CONTROL NUMBER
control field C2-0217983
003 - CONTROL NUMBER IDENTIFIER
control field PPAK
005 - DATE AND TIME OF LATEST TRANSACTION
control field 20180729152059.0
008 - FIXED-LENGTH DATA ELEMENTS--GENERAL INFORMATION
fixed length control field 990718s1989 my |||| ||||| | may d
040 ## - CATALOGING SOURCE
Original cataloging agency PPAK
Language of cataloging eng
Transcribing agency PPAK
Description conventions rda
245 00 - TITLE STATEMENT
Title Majlis pengkisahan sejarah Malayan Union
264 #1 - PRODUCTION, PUBLICATION, DISTRIBUTION, MANUFACTURE, AND COPYRIGHT NOTICE
Place of production, publication, distribution, manufacture Alor Setar, Kedah :
Name of producer, publisher, distributor, manufacturer Perbadanan Perpustakaan Awam Kedah ,
Date of production, publication, distribution, manufacture, or copyright notice 1989
336 ## - CONTENT TYPE
Source rdacontent
Content type term text
337 ## - MEDIA TYPE
Source rdamedia
Media type term unmediated
338 ## - CARRIER TYPE
Source rdacarrier
Carrier type term volume
500 ## - GENERAL NOTE
General note Dirakam pada 31/5/89 di bangunan UMNO tingkat 6
942 ## - ADDED ENTRY ELEMENTS (KOHA)
-- dc
Koha item type Book
Holdings
Withdrawn status Lost status Source of classification or shelving scheme Damaged status Not for loan Current library Shelving location Date acquired Full call number Barcode Date last seen Koha item type
    Dewey Decimal Classification   Not For Loan Perpustakaan Alor Setar Koleksi Kedah 18/07/1999 PK 114/89 ; PK 115/89 ; PK 116/89 A00153824 05/07/2018 Cassette
    Dewey Decimal Classification   Not For Loan Perpustakaan Alor Setar Koleksi Kedah 18/07/1999 PK 114/89 ; PK 115/89 ; PK 116/89 A00153823 05/07/2018 Cassette
    Dewey Decimal Classification   Not For Loan Perpustakaan Alor Setar Koleksi Kedah 18/07/1999 PK 114/89 ; PK 115/89 ; PK 116/89 A00153825 05/07/2018 Cassette